[Event "N4 Loures Barousse-EVT"]
[Site "Loures Barousse"]
[Date "2006.10.15"]
[Round "1"]
[White "Saubiette, Jean-Michel"]
[Black "David, Philippe"]
[Result "1-0"]
[WhiteElo "1770"]
[BlackElo "1430"]
[EventDate "2006.??.??"]
[PlyCount "47"]

1.e4 b6 2.d4 e6 3.Bd3 Bb7 4.Nf3 Nf6 5.Qe2 d5 6.e5 Nfd7 7.O-O c5 8.c3 Be7 
9.Bf4 cxd4 10.Nxd4 Nc5 11.Bb5+ Ncd7 12.Qg4 Kf8 13.Nd2 h5 14.Qf3 Ke8 15.Qg3
g5 16.Be3 a6 17.Bxd7+ Nxd7 18.f4 Qc7 19.Rae1 h4 20.Qf3 Rg8 21.Qh5 Rg6 22.
f5 exf5 23.Nxf5 Bd8 24.Nd6+ 1-0

[Event "N4 Loures Barousse-EVT"]
[Site "Loures Barousse"]
[Date "2006.10.15"]
[Round "1"]
[White "Ponsolle, Rene"]
[Black "Saubiette, Cyrille"]
[Result "0-1"]
[WhiteElo "1510"]
[BlackElo "1840"]
[EventDate "2006.??.??"]
[PlyCount "96"]

1.e4 e5 2.Nf3 Nf6 3.Nc3 Bb4 4.d3 O-O 5.Bd2 Re8 6.Be2 d5 7.a3 Bxc3 8.Bxc3 
d4 9.Bd2 c5 10.c4 Bg4 11.b4 b6 12.O-O Nbd7 13.Ne1 Bxe2 14.Qxe2 Nf8 15.f4 
exf4 16.Bxf4 N6d7 17.Qf2 Ng6 18.Bd2 Nde5 19.Qe2 Qd7 20.h3 Re6 21.Nf3 Rf8 
22.Ng5 Ree8 23.Bf4 f5 24.Bxe5 Nxe5 25.Rad1 Qe7 26.Qd2 h6 27.Nf3 fxe4 28.
Nxe5 Rxf1+ 29.Rxf1 e3 30.Qe2 Qxe5 31.b5 Rf8 32.Rxf8+ Kxf8 33.a4 Qf5 34.g4 
Qf4 35.Kg2 Ke7 36.Qc2 Kf6 37.Qe2 Kg5 38.Qe1 g6 39.Qe2 h5 40.gxh5 gxh5 41.
Kh1 Kh4 42.Qg2 Qg3 43.Qe4+ Kxh3 44.Qf5+ Qg4 45.Qf1+ Kh4 46.Qf6+ Kg3 47.
Qe5+ Kf3 48.Qh2 e2 0-1

[Event "N4 Loures Barousse-EVT"]
[Site "Loures Barousse"]
[Date "2006.10.15"]
[Round "1"]
[White "Pokee, Anne-Joseph"]
[Black "Pfeifer, Andreas"]
[Result "0-1"]
[WhiteElo "1981"]
[BlackElo "2130"]
[EventDate "2006.??.??"]
[PlyCount "110"]

1.e4 e6 2.d3 c5 3.Nc3 Nc6 4.Bf4 d6 5.Nf3 e5 6.Bg3 Be7 7.Nd5 Nf6 8.Nxf6+ 
Bxf6 9.c3 O-O 10.Be2 Be6 11.O-O h6 12.a3 a5 13.a4 g6 14.Qd2 Bg7 15.Ne1 f5 
16.f4 Kh7 17.Nf3 Qd7 18.h4 Rae8 19.Kf2 d5 20.exd5 Bxd5 21.fxe5 Nxe5 22.
Nxe5 Bxe5 23.Bxe5 Rxe5 24.d4 Bc6 25.Rad1 Rd8 26.Qd3 cxd4 27.Qxd4 Qxd4+ 28.
Rxd4 Rxd4 29.cxd4 Re4 30.Rd1 Bxa4 31.Rd2 Rxh4 32.d5 Kg7 33.d6 Bd7 34.Rc2 
Kf6 35.Rc7 Ke6 36.Rxb7 Rb4 37.Ra7 Rxb2 38.Rxa5 Kxd6 39.Ra6+ Ke5 40.Ra5+ 
Kf4 41.g3+ Kg5 42.Ke3 Bc6 43.Rc5 Be4 44.Ra5 h5 45.Rc5 Rb3+ 46.Kf2 Ra3 47.
Rb5 h4 48.gxh4+ Kxh4 49.Rb4 g5 50.Rb8 g4 51.Rg8 g3+ 52.Ke1 Ra1+ 53.Kd2 g2 
54.Bd1 Kh3 55.Rh8+ Kg3 0-1

[Event "N4 Loures Barousse-EVT"]
[Site "Loures Barousse"]
[Date "2006.10.15"]
[Round "1"]
[White "Osete, Jose"]
[Black "Breton, Yves"]
[Result "0-1"]
[WhiteElo "2037"]
[BlackElo "1940"]
[EventDate "2006.??.??"]
[PlyCount "64"]

1.e4 e6 2.d4 d5 3.e5 c5 4.Nf3 Nc6 5.Bd3 c4 6.Be2 Nge7 7.O-O Nf5 8.b3 cxb3 
9.axb3 Be7 10.Be3 Nh4 11.Nxh4 Bxh4 12.f4 O-O 13.Nd2 f5 14.Nf3 Be7 15.c4 
Nb4 16.Bd2 Kh8 17.Rc1 b6 18.Qe1 a5 19.Qg3 Bb7 20.Be3 a4 21.bxa4 Rxa4 22.
Rc3 Ra2 23.Bd1 dxc4 24.Rxc4 Ba6 25.Bb3 Bxc4 26.Bxc4 Ra3 27.Bc1 Ra1 28.Bxe6
Qc7 29.Bd2 Rfa8 30.Be3 Qc2 31.Nh4 Bxh4 32.Qxh4 Qe4 0-1

[Event "N4 Loures Barousse-EVT"]
[Site "Loures Barousse"]
[Date "2006.10.15"]
[Round "1"]
[White "Oriot, Patrice"]
[Black "Cesbron, Guy"]
[Result "1-0"]
[WhiteElo "2150"]
[BlackElo "2104"]
[EventDate "2006.??.??"]
[PlyCount "117"]

1.e4 c5 2.Nc3 Nc6 3.g3 g6 4.Bg2 Bg7 5.d3 e6 6.Be3 Nd4 7.Qd2 Ne7 8.Nd1 b6 
9.c3 Ndc6 10.Bh6 Bxh6 11.Qxh6 Ng8 12.Qg7 Qf6 13.Qxf6 Nxf6 14.e5 Nd5 15.a3 
Bb7 16.c4 Nde7 17.Nc3 Na5 18.Bxb7 Nxb7 19.Ne4 Nc6 20.Nf3 Ke7 21.O-O-O Rad8
22.Rhe1 d6 23.d4 cxd4 24.exd6+ Nxd6 25.Nxd4 Nxd4 26.Rxd4 Nxe4 27.Rdxe4 Rd3
28.Kc2 Rhd8 29.R1e2 h5 30.R4e3 Rxe3 31.Rxe3 h4 32.b4 hxg3 33.hxg3 f6 34.
Kb3 e5 35.Ka4 Ke6 36.Kb5 f5 37.Re2 e4 38.a4 g5 39.a5 bxa5 40.Kxa5 Ke5 41.
Ka6 Rd7 42.c5 Rc7 43.Kb5 f4 44.c6 fxg3 45.fxg3 Kd4 46.Rd2+ Ke3 47.Rd7 Rc8 
48.Rxa7 Kf2 49.Re7 e3 50.Kc5 e2 51.b5 e1=Q 52.Rxe1 Kxe1 53.b6 Kf2 54.b7 
Rb8 55.Kb6 Kxg3 56.c7 Rxb7+ 57.Kxb7 g4 58.c8=Q Kf3 59.Qf5+ 1-0

[Event "N4 Loures Barousse-EVT"]
[Site "Loures Barousse"]
[Date "2006.10.15"]
[Round "1"]
[White "Lamy, Loic"]
[Black "Szitas, Gabor"]
[Result "0-1"]
[WhiteElo "2083"]
[BlackElo "2197"]
[EventDate "2006.??.??"]
[PlyCount "62"]

1.e4 d6 2.d4 Nf6 3.Nc3 Nbd7 4.f4 e5 5.Nf3 Be7 6.dxe5 dxe5 7.Bc4 O-O 8.Qe2 
c6 9.Bd2 b5 10.Bb3 a5 11.a3 Ba6 12.Nd1 exf4 13.O-O Nc5 14.Ba2 Ncxe4 15.
Bxf4 Bc5+ 16.Kh1 b4 17.Bc4 Bxc4 18.Qxc4 Qd5 19.Qxd5 Nxd5 20.Ne5 bxa3 21.
bxa3 Rfe8 22.Nd3 Bd4 23.Rb1 g5 24.Bc1 Re6 25.g3 Rae8 26.c4 Ndc3 27.Nxc3 
Nxc3 28.Rb7 f6 29.Rf5 g4 30.Rxa5 Re1+ 31.Nxe1 Rxe1+ 0-1

[Event "N4 Loures Barousse-EVT"]
[Site "Loures Barousse"]
[Date "2006.10.15"]
[Round "1"]
[White "Giuriati, Paolo"]
[Black "Zarrouati, Pierre"]
[Result "1-0"]
[WhiteElo "2209"]
[BlackElo "2160"]
[EventDate "2006.??.??"]
[PlyCount "127"]

1.d4 Nf6 2.Bf4 g6 3.e3 c5 4.c3 Qb6 5.Qc1 d5 6.Nf3 Nc6 7.Be2 Bg7 8.O-O O-O 
9.Nbd2 cxd4 10.exd4 Bf5 11.Ne5 Rac8 12.Ndf3 Nd7 13.Nxd7 Bxd7 14.Qd2 f6 15.
Rfe1 Be8 16.Bd3 Bf7 17.Re2 Rfe8 18.Rae1 a6 19.h4 Qd8 20.h5 Qd7 21.hxg6 
hxg6 22.Qd1 Qg4 23.Bg3 Qh5 24.Qb3 b5 25.Qa3 Ra8 26.Qc5 Rec8 27.Qb6 Qg4 28.
a4 e5 29.dxe5 Qxa4 30.e6 Be8 31.Qe3 Qg4 32.Bb1 b4 33.Ba2 Ne7 34.Nd4 bxc3 
35.bxc3 Bb5 36.Rd2 Bc4 37.Bb1 a5 38.Bd6 Bf8 39.f3 Qh5 40.g4 Qh6 41.Bf4 g5 
42.Bg3 a4 43.Rh2 Qg7 44.Bh7+ Qxh7 45.Rxh7 Kxh7 46.Qd2 a3 47.Qh2+ Bh6 48.
Bd6 a2 49.Ra1 Ng6 50.Qc2 Re8 51.Bg3 Bf8 52.Qh2+ Kg8 53.Qc2 Nh8 54.Qf5 Be7 
55.Kf2 Ra7 56.Rh1 Bd8 57.Nc2 d4 58.Qc5 Ra4 59.Qc6 Rxe6 60.Qxa4 Re2+ 61.Kg1
Bd5 62.Nxd4 Bb6 63.Rh2 Rxh2 64.Kxh2 1-0

[Event "N4 Loures Barousse-EVT"]
[Site "Loures Barousse"]
[Date "2006.10.15"]
[Round "1"]
[White "Alonso, Jesus"]
[Black "Pietrobon, Fabio"]
[Result "0-1"]
[WhiteElo "1840"]
[BlackElo "2111"]
[EventDate "2006.??.??"]
[PlyCount "30"]

1.e4 c5 2.Nf3 d6 3.d4 cxd4 4.Nxd4 Nf6 5.Nc3 e6 6.Bd3 Nc6 7.Be3 Be7 8.O-O 
O-O 9.Nxc6 bxc6 10.f4 e5 11.f5 d5 12.Bf2 Bb7 13.g4 c5 14.exd5 Nxd5 15.Nxd5
Qxd5 0-1

[Event "N4 Condom3-Muret"]
[Site "Condom"]
[Date "2006.10.15"]
[Round "1.8"]
[White "Fabre, Pierre"]
[Black "Dardagnon, Sylvain"]
[Result "1/2-1/2"]
[WhiteElo "1410"]
[BlackElo "1460"]
[EventDate "2006.??.??"]
[PlyCount "86"]

1.d4 Nf6 2.c4 e6 3.Nf3 d5 4.Nc3 Nc6 5.Bg5 Be7 6.e3 O-O 7.cxd5 exd5 8.a3 a6
9.Be2 Bd7 10.O-O b5 11.b4 Be6 12.Qc2 Qd7 13.Rac1 Bf5 14.Bd3 Bxd3 15.Qxd3 
Rfe8 16.Rfe1 Ne4 17.Bf4 Bf6 18.Nd2 Nxd2 19.Qxd2 Ne7 20.f3 Ng6 21.Ne2 Rac8 
22.Rc2 c6 23.Rec1 Qe6 24.Rc3 Qd7 25.Kf1 Re6 26.Rc5 Rce8 27.R5c3 Ne7 28.Qd3
Nc8 29.Ng3 g5 30.Nh5 gxf4 31.Qf5 Qe7 32.Rxc6 Rxc6 33.Rxc6 Bh8 34.Rxc8 fxe3
35.Rxe8+ Qxe8 36.Nf6+ Bxf6 37.Qxf6 e2+ 38.Ke1 Qe3 39.Qd8+ Kg7 40.Qh4 Qxa3 
41.Kxe2 Qxb4 42.Qg4+ Kf8 43.Qc8+ Kg7 1/2-1/2

[Event "N4 Condom3-Muret"]
[Site "Condom"]
[Date "2006.10.15"]
[Round "1.7"]
[White "Alegret, Jean Pierre"]
[Black "Thirion, Patrick"]
[Result "1/2-1/2"]
[WhiteElo "1590"]
[BlackElo "1670"]
[EventDate "2006.??.??"]
[PlyCount "102"]

1.e4 e6 2.d4 d5 3.e5 c5 4.c3 Nc6 5.Nf3 Bd7 6.a3 cxd4 7.cxd4 Nge7 8.b4 Rc8 
9.Nbd2 Ng6 10.Nb3 b6 11.Bg5 Be7 12.Bxe7 Qxe7 13.Ba6 Rb8 14.Rc1 O-O 15.b5 
Na5 16.Nxa5 bxa5 17.Rc7 Rfd8 18.Qa4 Qe8 19.O-O Bxb5 20.Bxb5 Qxb5 21.Qxb5 
Rxb5 22.Rxa7 Rc8 23.a4 Rb4 24.Rxa5 Ne7 25.g4 h5 26.h3 Rc3 27.Ng5 Rc8 28.
Rd1 hxg4 29.hxg4 Ng6 30.Ra7 Nf4 31.Rd2 Rxd4 32.Rxd4 Ne2+ 33.Kg2 Nxd4 34.
Rxf7 Nc6 35.Rf4 Nxe5 36.Nxe6 Ng6 37.Rd4 Rc6 38.Nf4 Nxf4+ 39.Rxf4 Rd6 40.
Kf3 d4 41.Ke2 d3+ 42.Kd2 g6 43.Rb4 Kf7 44.Rb3 Rd4 45.Ra3 Rxg4 46.a5 Rf4 
47.a6 Rxf2+ 48.Ke3 d2 49.Ra1 d1=N+ 50.Rxd1 Ra2 51.Rd6 Ra4 1/2-1/2

[Event "N4 Condom3-Muret"]
[Site "Condom"]
[Date "2006.10.15"]
[Round "1.6"]
[White "Boukhris, Khaled"]
[Black "Seguelong, Patrick"]
[Result "1-0"]
[WhiteElo "1780"]
[BlackElo "1570"]
[EventDate "2006.??.??"]
[PlyCount "63"]

1.e4 c5 2.Nc3 Nc6 3.g3 Nf6 4.Bg2 a6 5.Nge2 d6 6.d3 e5 7.h3 Be7 8.f4 Nd7 9.
f5 Nf6 10.Be3 Nd4 11.Bf2 Bd7 12.g4 h6 13.Nd5 Nxd5 14.exd5 Bh4 15.Ng3 Bxg3 
16.Bxg3 f6 17.c3 Nb5 18.O-O Qb6 19.Bf2 Qc7 20.a4 Na7 21.d4 b6 22.dxe5 fxe5
23.f6 g5 24.Qd3 Bc8 25.f7+ Kf8 26.Qg6 Bb7 27.Be4 Qe7 28.Be3 Qd7 29.Qf6 Rh7
30.Bxh7 Bxd5 31.Qxh6+ Ke7 32.Bxg5# 1-0

[Event "N4 Condom3-Muret"]
[Site "Condom"]
[Date "2006.10.15"]
[Round "1.5"]
[White "Schwarz, Klaus"]
[Black "Camilleri, Herve"]
[Result "0-1"]
[WhiteElo "1570"]
[BlackElo "1890"]
[EventDate "2006.??.??"]
[PlyCount "54"]

1.b4 b6 2.Bb2 Bb7 3.Nf3 e6 4.c4 Nf6 5.a3 Be7 6.Nc3 O-O 7.e3 c5 8.b5 d5 9.
Be2 a6 10.a4 d4 11.exd4 cxd4 12.Nb1 d3 13.Bf1 Bc5 14.Nc3 Ng4 15.Qb1 e5 16.
Bxd3 Nxf2 17.Bxh7+ Kh8 18.Rf1 Bxf3 19.Rxf2 Bxf2+ 20.Kxf2 Bb7 21.Nd5 Qh4+ 
22.Kg1 Qxh7 23.Nxb6 Be4 24.Qf1 Ra7 25.Bxe5 axb5 26.cxb5 Qg6 27.d4 Qxb6 0-1

[Event "N4 Condom3-Muret"]
[Site "Condom"]
[Date "2006.10.15"]
[Round "1.4"]
[White "Boukhris-Ferre, Yacine"]
[Black "Tauziede, Jean Pierre"]
[Result "1/2-1/2"]
[WhiteElo "1860"]
[BlackElo "1690"]
[EventDate "2006.??.??"]
[PlyCount "57"]

1.e4 Nc6 2.Nf3 d5 3.exd5 Qxd5 4.Nc3 Qa5 5.d4 Bg4 6.Be2 O-O-O 7.Ne5 Nxe5 8.
Bxg4+ Nxg4 9.Qxg4+ Kb8 10.Be3 Nf6 11.Qf3 e6 12.O-O Be7 13.a3 Qh5 14.Qxh5 
Nxh5 15.Rfe1 Nf6 16.Rad1 h6 17.d5 e5 18.Bf4 exf4 19.Rxe7 Rhf8 20.Kf1 g5 
21.Re5 Ng4 22.Re7 Nxh2+ 23.Kg1 Ng4 24.d6 cxd6 25.Nb5 d5 26.Nc3 Nf6 27.Re5 
d4 28.Nb5 Ng4 29.Re4 1/2-1/2

[Event "N4 Condom3-Muret"]
[Site "Condom"]
[Date "2006.10.15"]
[Round "1.3"]
[White "Porche, Christian"]
[Black "Partinico, Jeremy"]
[Result "1-0"]
[WhiteElo "1710"]
[BlackElo "1964"]
[EventDate "2006.??.??"]
[PlyCount "55"]

1.e4 c5 2.c3 Qa5 3.Nf3 Nc6 4.Be2 e6 5.O-O Nge7 6.d4 cxd4 7.cxd4 d5 8.exd5 
Nxd5 9.Ne5 Nxe5 10.dxe5 Bc5 11.Nd2 Qc7 12.Ne4 O-O 13.Nxc5 Qxc5 14.a3 Qe7 
15.Bd3 g6 16.Bh6 Rd8 17.Qg4 f5 18.exf6 Nxf6 19.Qg3 Rd4 20.Rad1 Rg4 21.Qe5 
Bd7 22.h3 Ra4 23.Bg5 Rf8 24.Bc2 Rc4 25.Bb3 Qc5 26.Qxc5 Rxc5 27.Bxf6 Bb5 
28.Bxe6+ 1-0

[Event "N4 Condom3-Muret"]
[Site "Condom"]
[Date "2006.10.15"]
[Round "1.2"]
[White "Carpentier, Jean-Christophe"]
[Black "Berthelot, Nathan"]
[Result "1-0"]
[WhiteElo "2061"]
[BlackElo "1631"]
[EventDate "2006.??.??"]
[PlyCount "51"]

1.e4 d6 2.d4 Nf6 3.Nc3 g6 4.f4 {L'attaque Autrichienne} 4...Bg7 5.Nf3 O-O 
6.Bd3 Bg4 {6...Cc6 ou 6...Ca6 sont plus communs} 7.e5 {7.h3 de suite pour 
prendre la paire de fou est plus joue} 7...Nfd7 8.h3 Bxf3 9.Qxf3 {Les 
Blancs ont la paire de fous} 9...Nc6 10.Be3 Nb4 11.Be4 c5 {J'avais surtout
regarde 11...c6 avec l'idee de pousser d5} 12.dxc5 Nxc5 13.Bxc5 dxc5 14.
Rd1 {14.a3 pour gagner le pion apres 14...Cc6 15.Fxc6 bxc6 16. Dxc6 etait 
aussi parfaitement jouable} 14...Qc7 15.a3 Nc6 16.Bxc6 bxc6 17.O-O Rfd8 {
17...Tab8 etait interessant} 18.Qf2 Rxd1 19.Rxd1 Rb8 $6 {19...Td8 e t 
rentrer dans une finale de Dame avec un pion de moins etait envisageable} 
20.Qxc5 Rxb2 $2 21.Nd5 $1 Qb7 $2 {Lache la 8eme rangee} 22.Nxe7+ Kh8 23.
Rd8+ Bf8 24.Rxf8+ Kg7 25.Rg8+ Kh6 26.Nf5+ {suivi d'un mat en 3 coups} 1-0

[Event "N4 Condom3-Muret"]
[Site "Condom"]
[Date "2006.10.15"]
[Round "1.1"]
[White "Beaurain, Louis"]
[Black "Hervet, Gilles"]
[Result "0-1"]
[WhiteElo "1870"]
[BlackElo "2100"]
[EventDate "2006.??.??"]
[PlyCount "100"]

1.d4 Nf6 2.Nf3 c5 3.c3 e6 4.Bf4 b6 5.e3 Bb7 6.Be2 Be7 7.h3 O-O 8.O-O d5 9.
Nbd2 Nbd7 10.Re1 Kh8 11.Rc1 Ne8 12.Ne5 Nxe5 13.Bxe5 f6 14.Bh2 Nd6 15.Bd3 
f5 16.Be5 Nf7 17.Nf3 Bd6 18.Bxd6 Qxd6 19.Bb1 g5 20.g4 Rg8 21.Nh2 h5 22.
gxf5 g4 23.Kh1 exf5 24.Bxf5 Nh6 25.hxg4 Raf8 26.f4 hxg4 27.Bxg4 Nxg4 28.
Nxg4 Bc8 29.Rc2 Rxg4 30.Rh2+ Kg7 31.Rg1 Rxg1+ 32.Qxg1+ Qg6 33.Qf2 Bf5 34.
Rh4 Rh8 35.Rxh8 Kxh8 36.Qh2+ Qh7 37.Qxh7+ Kxh7 38.dxc5 bxc5 39.b4 c4 40.a4
Bd7 41.b5 Kg6 42.Kg2 Kf5 43.Kf3 Be8 44.Ke2 Ke4 45.Kd2 Kf3 46.f5 Ke4 47.f6 
Ke5 48.a5 Kxf6 49.b6 axb6 50.axb6 Bc6 0-1

[Event "N4 Condom2-Ramonville2"]
[Site "Condom"]
[Date "2006.10.15"]
[Round "1.8"]
[White "Mary, Jean Francois"]
[Black "Massery, Renaud"]
[Result "0-1"]
[WhiteElo "1440"]
[BlackElo "1520"]
[EventDate "2006.??.??"]
[PlyCount "86"]

1.d4 Nf6 2.Nf3 g6 3.Nc3 Bg7 4.e4 d6 5.Be3 O-O 6.Qd2 Re8 7.O-O-O c6 8.e5 
Ng4 9.Bf4 dxe5 10.dxe5 Qxd2+ 11.Rxd2 Nd7 12.h3 Ngxe5 13.Nxe5 Nxe5 14.Be2 
b5 15.Rhd1 a5 16.Be3 Ba6 17.f4 b4 18.Na4 Bxe2 19.Rxe2 Nc4 20.Bc5 Bf8 21.
Rd7 Nd6 22.Rc7 Rac8 23.Rxc8 Nxc8 24.Re5 e6 25.Bxf8 Kxf8 26.Nc5 Ke7 27.Nd3 
Kd6 28.Kd2 f6 29.Re4 Kd5 30.Re3 Nd6 31.Nf2 Nc4+ 32.Kd3 Nxe3 33.Kxe3 h5 34.
g4 e5 35.gxh5 gxh5 36.fxe5 fxe5 37.Ne4 Rf8 38.c3 c5 39.cxb4 cxb4 40.a3 h4 
41.axb4 axb4 42.b3 Rf1 43.Kd3 Rf3+ 0-1

[Event "N4 Condom2-Ramonville2"]
[Site "Condom"]
[Date "2006.10.15"]
[Round "1.7"]
[White "Rauzieres, Guy"]
[Black "Jacob, Rajna"]
[Result "1-0"]
[WhiteElo "1740"]
[BlackElo "1450"]
[EventDate "2006.??.??"]
[PlyCount "49"]

1.Nf3 e6 2.e4 b6 3.d4 d5 4.e5 Nc6 5.c3 f6 6.Bb5 Ne7 7.Bf4 Bd7 8.Qe2 Ng6 9.
Bg3 Be7 10.exf6 gxf6 11.O-O Bf8 12.Bxc6 Bxc6 13.Qxe6+ Be7 14.Qxc6+ Kf7 15.
Re1 Rg8 16.Bxc7 Qc8 17.Qxd5+ Kg7 18.Bg3 Kh6 19.Nbd2 Qg4 20.Re4 Qc8 21.Nh4 
Qe8 22.Nf5+ Kh5 23.Nxe7+ Ne5 24.Rh4+ Kg5 25.Nf3# 1-0

[Event "N4 Condom2-Ramonville2"]
[Site "Condom"]
[Date "2006.10.15"]
[Round "1.6"]
[White "Lezaud, Pascal"]
[Black "Pagnoncelli, Herve"]
[Result "1/2-1/2"]
[WhiteElo "1560"]
[BlackElo "1830"]
[EventDate "2006.??.??"]
[PlyCount "66"]

1.e4 c5 2.Nf3 Nc6 3.d4 cxd4 4.Nxd4 Nf6 5.Nc3 e5 6.Ndb5 d6 7.Bg5 a6 8.Na3 
b5 9.Nd5 Be7 10.Bxf6 Bxf6 11.c3 Ne7 12.Nc2 Bb7 13.Nce3 Nxd5 14.Nxd5 O-O 
15.Be2 Rc8 16.Qb3 Bxd5 17.Qxd5 Rc5 18.Qb3 d5 19.exd5 Rxd5 20.O-O Qd6 21.
Bf3 Rd2 22.Rad1 Rd8 23.Rxd2 Qxd2 24.Rd1 Qg5 25.Rxd8+ Bxd8 26.Qd5 Qc1+ 27.
Bd1 Qg5 28.g3 Qf6 29.Bb3 h6 30.a4 Bb6 31.Qd2 e4 32.axb5 axb5 33.Qe2 Qe5 
1/2-1/2

[Event "N4 Condom2-Ramonville2"]
[Site "Condom"]
[Date "2006.10.15"]
[Round "1.5"]
[White "Aspinall, John"]
[Black "Jarlaud, Levi"]
[Result "0-1"]
[WhiteElo "1860"]
[BlackElo "1600"]
[EventDate "2006.??.??"]
[PlyCount "110"]

1.d3 c5 2.e4 Nc6 3.g3 g6 4.Bg2 Bg7 5.f4 d6 6.c3 Nf6 7.Nf3 O-O 8.O-O Bg4 9.
h3 Bxf3 10.Qxf3 Rb8 11.Na3 Nd7 12.Nc2 Qc7 13.Be3 Rfc8 14.Qe2 b5 15.Rac1 
Qa5 16.Na3 Qa6 17.Bd2 b4 18.Nc4 bxc3 19.bxc3 Nb6 20.Nxb6 Rxb6 21.e5 Rb2 
22.Bxc6 Qxc6 23.Rb1 Rcb8 24.Rxb2 Rxb2 25.Qe1 Rxa2 26.Rf2 Qa6 27.Qe4 Qc8 
28.g4 Qb8 29.d4 cxd4 30.cxd4 a5 31.Qd5 Ra1+ 32.Kh2 a4 33.Qc4 Qa8 34.Bc1 
Rb1 35.Ra2 d5 36.Qc2 Rb4 37.Be3 Rc4 38.Qb1 e6 39.f5 Bf8 40.fxg6 hxg6 41.
Qf1 Qc8 42.Qd1 a3 43.h4 Rc3 44.Qe2 Qc4 45.Qf2 Rxe3 46.Qxe3 Qxa2+ 47.Kg3 
Qb2 48.h5 a2 49.hxg6 fxg6 50.Qg5 Qc3+ 51.Kh4 Qe1+ 52.Kh3 Qe4 53.Qf6 a1=Q 
54.Qxe6+ Kh7 55.Qf7+ Bg7 0-1

[Event "N4 Condom2-Ramonville2"]
[Site "Condom"]
[Date "2006.10.15"]
[Round "1.3"]
[White "Vitrou, Jonathan"]
[Black "Iwanesko, Alexandre"]
[Result "1-0"]
[WhiteElo "1996"]
[BlackElo "1866"]
[EventDate "2006.??.??"]
[PlyCount "81"]

1.e4 c5 2.Nf3 e6 3.Nc3 a6 4.d4 cxd4 5.Nxd4 b5 6.Be3 Bb7 7.Bd3 d6 8.O-O Nf6
9.Bg5 Nbd7 10.Re1 Be7 11.Nf3 h6 12.Bh4 b4 13.Na4 g5 14.Bg3 e5 15.a3 h5 16.
h4 g4 17.Ng5 Nh7 18.f4 Nxg5 19.fxg5 Bxg5 20.hxg5 Qxg5 21.Qc1 Qe7 22.Qd2 h4
23.Bf2 g3 24.Be3 h3 25.Bg5 f6 26.Be3 Qg7 27.gxh3 Rxh3 28.Bf1 Rh2 29.Re2 
Bxe4 30.Bg2 Rxg2+ 31.Rxg2 Bxg2 32.Qxg2 Rc8 33.Rd1 bxa3 34.bxa3 Qg4 35.Qd5 
Qxa4 36.Qe6+ Kd8 37.Rxd6 Kc7 38.Rxa6 Qb5 39.Ra7+ Kd8 40.Bb6+ Rc7 41.Ra8+ 
1-0

[Event "N4 Condom2-Ramonville2"]
[Site "Condom"]
[Date "2006.10.15"]
[Round "1.2"]
[White "Uzducun, Mikeldi"]
[Black "Woloszyn, Florent"]
[Result "1/2-1/2"]
[WhiteElo "1981"]
[BlackElo "1960"]
[EventDate "2006.??.??"]
[PlyCount "81"]

1.e4 a6 2.d4 b5 3.Bd3 Bb7 4.Nf3 e6 5.O-O c5 6.c3 d5 7.e5 Nc6 8.Na3 Qb6 9.
Re1 cxd4 10.cxd4 Nge7 11.Nc2 h6 12.h4 Na5 13.b3 Nec6 14.Bd2 O-O-O 15.Qe2 
Kb8 16.Qe3 Rc8 17.Qf4 Rc7 18.g4 g6 19.Kg2 Bc8 20.Kg3 Nb7 21.Qe3 Be7 22.Nh2
Bd7 23.f4 Rcc8 24.Nf3 Rcg8 25.b4 h5 26.Ng5 Rf8 27.Rf1 hxg4 28.Kxg4 Bd8 29.
Rh1 Ne7 30.h5 Nf5 31.Bxf5 exf5+ 32.Kf3 gxh5 33.Rh4 Be7 34.Rah1 Qc6 35.Qb3 
Qc4 36.Rxh5 Rxh5 37.Rxh5 Qxb3+ 38.axb3 Be6 39.Ne3 Nd8 40.Rh7 Nc6 41.Nc2 
1/2-1/2

[Event "N4 Condom2-Ramonville2"]
[Site "Condom"]
[Date "2006.10.15"]
[Round "1.1"]
[White "Rauzieres, William"]
[Black "Franca, Ricardo Bedin"]
[Result "0-1"]
[WhiteElo "2080"]
[BlackElo "2190"]
[EventDate "2006.??.??"]
[PlyCount "87"]

1.d4 d5 2.Nf3 Nf6 3.Bf4 c5 4.e3 Nc6 5.c3 Qb6 6.Qc1 Bf5 7.Be2 h6 8.dxc5 
Qxc5 9.O-O e6 10.Na3 a6 11.Qd1 Nh5 12.Be5 Nxe5 13.Nxe5 Nf6 14.Qa4+ Ke7 15.
Rac1 Qd6 16.Nf3 Qd7 17.Qa5 Rc8 18.Rfd1 Qc7 19.Qa4 Qd7 20.Qb3 Ke8 21.c4 Bd6
22.cxd5 Rxc1 23.Rxc1 exd5 24.Nb5 Bb8 25.Nbd4 Bh7 26.Qb6 Ke7 27.Nb3 Rc8 28.
Rxc8 Qxc8 29.Qc5+ Kd7 30.Qd4 Bd6 31.Qb6 Qc7 32.Qd4 Be4 33.g3 Qc2 34.Nfd2 
Bf5 35.Qb6 Qc7 36.Qd4 Be5 37.Qa4+ Kd8 38.Qb4 Bd6 39.Qd4 Be5 40.Qb4 Qe7 41.
Nc5 Ke8 42.Qb6 Bb8 43.Nd3 Qc7 44.Qb3 {suite incomprehensible...} 0-1

[Event "N4 Colomiers-Montauban"]
[Site "Colomiers"]
[Date "2006.10.15"]
[Round "1.8"]
[White "Kienlen, Gerard"]
[Black "Ouerk, Yanis"]
[Result "0-1"]
[WhiteElo "1390"]
[BlackElo "1199"]
[EventDate "2006.??.??"]
[PlyCount "98"]

1.c4 c5 2.Nc3 Nf6 3.Nf3 d5 4.cxd5 Nxd5 5.g3 Nc6 6.a3 e5 7.Bg2 Nc7 8.O-O 
Be7 9.Rb1 O-O 10.e4 Bg4 11.h3 Bh5 12.Qe1 f6 13.g4 Bf7 14.Qe3 h5 15.d3 hxg4
16.hxg4 Qd7 17.Bh3 Be6 18.Nh2 Rad8 19.Rd1 Kf7 20.f3 b6 21.Rd2 Qe8 22.Rg2 
c4 23.Qe1 cxd3 24.Be3 Rh8 25.Rg3 Nd4 26.Bxd4 Rxd4 27.Nf1 Bc5 28.Kg2 Qd7 
29.Nd2 Nb5 30.Ra1 Nxc3 31.bxc3 Ra4 32.Nb1 Qd6 33.g5 Bxh3+ 34.Rxh3 Rxh3 35.
g6+ Kxg6 36.Kxh3 Qe6+ 37.Kg2 Qb3 38.Qg3+ Kf7 39.Kh3 Qb2 40.Qg4 Qxa1 41.
Qd7+ Be7 42.Qd5+ Kg6 43.Qd7 Qxb1 44.Qe8+ Kg5 45.Kg2 Qc2+ 46.Kg3 Rxe4 47.
Qg8 g6 48.Qd5 d2 49.Qxe4 Qxe4 0-1

[Event "N4 Colomiers-Montauban"]
[Site "Colomiers"]
[Date "2006.10.15"]
[Round "1.7"]
[White "Alladaye, Rene"]
[Black "Ravon, Michel"]
[Result "1-0"]
[WhiteElo "1840"]
[BlackElo "1630"]
[EventDate "2006.??.??"]
[PlyCount "103"]

1.Nf3 Nf6 2.d3 d6 3.g3 e5 4.e4 h6 5.Bg2 Bg4 6.a4 c5 7.c3 Nc6 8.O-O Be7 9.
Na3 O-O 10.Nc2 Qd7 11.Ne3 Bh3 12.Nh4 Bxg2 13.Kxg2 g5 14.Nhf5 Kh7 15.Ng4 
Nxg4 16.Qxg4 Qe6 17.h4 Rh8 18.hxg5 Rag8 19.Rh1 Rg6 20.Bd2 Bf8 21.Rh2 Kg8 
22.Rah1 Nd8 23.Qh5 Bg7 24.gxh6 Bf6 25.g4 Kh7 26.f3 d5 27.g5 dxe4 28.fxe4 
Qd7 29.Rh3 Ne6 30.Rg3 Nf4+ 31.Bxf4 exf4 32.Rg4 f3+ 33.Kxf3 Qxd3+ 34.Ne3 
Be5 35.Rd1 Qa6 36.Rd5 Re8 37.Rd7 Rf8 38.Rg2 Qb6 39.Nc4 Qe6 40.Nxe5 Qxe5 
41.Rxb7 Kh8 42.Ke3 Re8 43.Qg4 f5 44.Qf4 Qd5 45.Rb8 Re6 46.Rxe8+ Rxe8 47.
Kf2 Qxe4 48.Qxe4 Rxe4 49.Kf3 Rxa4 50.g6 Rh4 51.g7+ Kg8 52.Rg6 1-0

[Event "N4 Colomiers-Montauban"]
[Site "Colomiers"]
[Date "2006.10.15"]
[Round "1.6"]
[White "Lecoultre, Patrick"]
[Black "Avdagic, Hilmija"]
[Result "1/2-1/2"]
[WhiteElo "1738"]
[BlackElo "1900"]
[EventDate "2006.??.??"]
[PlyCount "130"]

1.d4 Nf6 2.Nf3 d5 3.Bg5 c5 4.c4 e6 5.cxd5 exd5 6.dxc5 Bxc5 7.Bxf6 gxf6 8.
Nbd2 Qb6 9.e3 Nc6 10.Qb3 Qxb3 11.Nxb3 Bb4+ 12.Nbd2 Rg8 13.a3 Ba5 14.b4 Bb6
15.Nb3 Ne5 16.Nfd4 Bd7 17.g3 Rc8 18.Bg2 Be6 19.Ke2 h5 20.Rhc1 Ke7 21.f4 
Bg4+ 22.Kf1 Rxc1+ 23.Rxc1 Nc4 24.Kf2 Rd8 25.Bf1 Nxa3 26.Bd3 Rc8 27.Rxc8 
Bxc8 28.Nc5 Nc4 29.Bc2 Bxc5 30.bxc5 Bg4 31.Bd3 a5 32.c6 bxc6 33.Bxc4 dxc4 
34.Nxc6+ Kd6 35.Nxa5 Bc8 36.Nxc4+ Kc5 37.Nd2 Bb7 38.Nb3+ Kd5 39.Nd4 Bc8 
40.Nb3 Ke4 41.Nd4 Bg4 42.Nb5 Kd5 43.Nc7+ Kd6 44.Nb5+ Kc5 45.Nc3 f5 46.Ke1 
Kc4 47.Kd2 Bf3 48.Na4 Kb5 49.Nb2 Kc5 50.Nd3+ Kd6 51.Kc3 Be4 52.Nf2 Bg2 53.
Kd4 Bf1 54.e4 fxe4 55.Kxe4 Bg2+ 56.Kf5 Ke7 57.g4 hxg4 58.Kxg4 Kf6 59.h4 
Bc6 60.Nd3 Bd7+ 61.Kg3 Bf5 62.Nf2 Kg6 63.Ng4 Be6 64.Ne3 Bc8 65.Nd5 Be6 
1/2-1/2

[Event "N4 Colomiers-Montauban"]
[Site "Colomiers"]
[Date "2006.10.15"]
[Round "1.5"]
[White "Hantisse, Alain"]
[Black "Nougayrede, Jean-Louis"]
[Result "1-0"]
[WhiteElo "1950"]
[BlackElo "1800"]
[EventDate "2006.??.??"]
[PlyCount "59"]

1.e4 {0} 1...d6 2.d4 g6 3.Nc3 Bg7 4.Nf3 Nc6 5.Be3 Bd7 6.Bc4 e6 7.Qd2 Nf6 
8.Bg5 h6 9.Be3 Ng4 10.Bf4 e5 11.dxe5 Ngxe5 12.Nxe5 Nxe5 13.Bxe5 Bxe5 14.f4
Bg7 15.O-O-O Be6 16.Bd5 O-O 17.Rhf1 Bg4 18.Rde1 c6 19.Bb3 Qc7 20.f5 gxf5 
21.h3 fxe4 22.hxg4 d5 23.Qf4 Qe7 24.Ne2 Rad8 25.Kb1 Rd6 26.Ng3 Qg5 27.Qxd6
Be5 28.Nxe4 dxe4 29.Qd7 Qg7 30.c3 1-0